000 00440nam a2200181Ia 4500
005 20250425161059.0
008 250425s9999 xx 000 0 und d
041 _aeng
082 _a668.374
110 _aAMERICAN CHEMICAL SOCIETY
245 0 _aEPOXY RESINS
250 _aS.E.
260 _aEstados Unidos
_bAMERICAN CHEMICAL SOCIETY PUBLICATIONS
_c1950
260 _aWASHINGTON
300 _a230
942 _c01
010 _a12064
999 _c202019
_d202019